| 000 | 01581cam a2200421Ia 4500 | ||
|---|---|---|---|
| 001 | sjds1059315 | ||
| 003 | sjds | ||
| 005 | 20181014150559.0 | ||
| 008 | 810331t19801980nyua j 000 1 spa d | ||
| 020 | _a0590401793 (pbk.) | ||
| 020 | _a0590314637 | ||
| 020 | _a9780590401791 (pbk.) | ||
| 024 | _a078073003501 | ||
| 035 | _a20835 | ||
| 035 | _a(OCoLC)07291025 | ||
| 035 | _a20835 | ||
| 040 |
_aIFK _cIFK _dm/c _dOCL _dIFA _dUtOrBLW |
||
| 041 | 1 | _aspa eng | |
| 049 | _aIFAA | ||
| 099 | _aESPANOL PICTURE BOOKS BRIDWELL | ||
| 999 |
_c21360 _d21360 |
||
| 999 | _bESPANOL PICTURE BOOKS BRIDWELL | ||
| 100 | 1 |
_aBridwell, Norman, _eauthor. |
|
| 245 | 1 | 4 |
_aLas buenas acciones de Clifford / _ccuento e ilustraciones de Norman Bridwell ; traducido por Argentina Palacios. |
| 260 |
_aNew York : _bScholastic Book Services, _cc1980 |
||
| 264 | 1 |
_aNew York : _bScholastic Book Services, _c[1980] |
|
| 264 | 4 | _cc1980 | |
| 300 |
_a48 unnumbered pages : _bcolor illustrations ; _c16 x 21 cm |
||
| 336 |
_atext _btxt _2rdacontent |
||
| 337 |
_aunmediated _bn _2rdamedia |
||
| 338 |
_avolume _bnc _2rdacarrier |
||
| 500 | _aTranslation of Clifford's good deeds. | ||
| 520 | _aClifford, un perro muy grande que siempre hace las buenas accionas mas bien de lo necesario, encuentra algo de su propio temano. (Clifford, a very big dog who always overdoes his good deeds, finds something to do that is his size.) | ||
| 526 | 0 |
_aAccelerated Reader _bLG _c2.2 _d0.5 _z10513SP |
|
| 650 | 0 |
_aDogs _vJuvenile fiction. |
|
| 650 | 7 |
_aPerros _vNovela juvenil. _2bidex |
|
| 740 | 0 | _aClifford's good deeds. | |
| 942 | _cBK | ||